| 000 | 00998cam a2200229 4500 | ||
|---|---|---|---|
| 001 | WB3811-09 | ||
| 008 | 020319n2002 000 0 eng u | ||
| 035 | _a(Sirsi) u117166 | ||
| 245 | _aLondon's population to surge | ||
| 260 | _c2002 | ||
| 490 |
_aGLA News Release _v(129) 11 March 2002, (2) |
||
| 520 | _aA new report by the Greater London Authority (GLA) shows that London's population is set to increase by 700 000 by 2016. "Planning for London's growth" also reveals that employment will rise quickly with more than 400 000 extra jobs in business services by 2016. The report argues that decisions must be taken now on major projects to maintain's London's infrastructure and ensure its economic future. http://www.london.gov.uk/news/2002/129-1103.htm | ||
| 590 | _aWB | ||
| 650 | _aGLA | ||
| 650 | _aPOPULATION GROWTH | ||
| 650 | _aLONDON | ||
| 650 | _aPUBLIC SERVICES | ||
| 650 | _aEMPLOYMENT | ||
| 650 |
_aInfrastructure _96246 |
||
| 690 | _aECONOMIC ISSUES | ||
| 942 | _n0 | ||
| 999 |
_c69804 _d69804 |
||